[Event "Panchenko Memorial-A 2020"]
[Site "Chelyabinsk"]
[Date "2020.09.09"]
[Round "3.3"]
[White "Volkov, Sergey"]
[Black "Faizrakhmanov, Ramil"]
[Result "0-1"]
[WhiteElo "2570"]
[BlackElo "2451"]
[Annotator "TA"]
[PlyCount "97"]
[EventDate "2020.09.07"]
[EventType "swiss"]
[EventCountry "RUS"]
[SourceTitle "playchess.com"]
[Source "ChessBase"]
[SourceQuality "1"]

{[%evp 9,97,10,25,28,32,32,56,41,60,49,61,65,67,0,0,0,6,0,22,28,61,60,74,48,60,56,49,51,64,50,66,63,108,107,150,146,149,131,138,131,138,126,124,119,115,87,99,101,93,94,96,106,100,68,70,45,51,37,49,56,45,46,55,47,52,39,33,43,73,50,62,60,62,8,8,0,0,0,0,0,0,-12,-21,-25,-45,-87,-98,-239,-8,-6129]} 1. d4 Nf6 2. c4 e6 3. Nf3 b6 4. g3 Ba6 5. Qc2 Bb7 6. Bg2 {E15: Queen's Indian: 4 g3 sidelines, 4 g3 Ba6 and 4 g3 Bb7 early deviations.} Bb4+ 7. Bd2 a5 8. O-O {White is slightly better.} O-O 9. Bf4 {[#]} h6 $146 ({Predecessor:} 9... Be4 10. Qa4 Nc6 11. a3 Bd6 12. Bxd6 cxd6 13. Nc3 Rc8 14. Rfd1 Ne7 15. Nxe4 Nxe4 {½-½ (31) Murshed,N (2464)-Tomashevsky,E (2725) Al Ain 2012}) 10. a3 Bd6 11. Nc3 (11. Bxd6 $14 cxd6 12. Nc3) 11... Bxf4 $11 12. gxf4 d6 13. d5 exd5 14. cxd5 Na6 15. Nd4 Qd7 16. b3 Qg4 17. Qf5 Qxf5 18. Nxf5 Rfe8 19. Nd4 Nc5 20. Rac1 Rac8 21. Rfd1 Nce4 22. Nxe4 Nxe4 23. Bh3 Rb8 24. Rxc7 Bxd5 25. Bd7 Red8 26. Bc6 Nf6 27. Ra7 Rdc8 28. Bxd5 Nxd5 29. Nf5 Rc7 30. Rxc7 Nxc7 31. Nxd6 $16 {[%mdl 4096] Endgame KRN-KRN} Rd8 32. Rd3 Ne6 33. Nc4 {aiming for Rxd8+.} Rxd3 34. exd3 Nxf4 35. Nxb6 $14 {KN-KN} Ne2+ $1 36. Kf1 Nc1 37. b4 axb4 38. axb4 Nxd3 39. Nd5 Kf8 40. Ke2 Ne5 41. Ke3 ({White should play} 41. b5 $14) 41... Ng4+ 42. Kd4 {b5 is the strong threat.} Ke8 $1 43. b5 Kd7 44. Ne3 Nxh2 45. Kd5 h5 {Threatens to win with ...Ng4.} 46. b6 Ng4 {And now ...Nxe3+ would win.} 47. Nf5 {[#]} g6 $1 {[%cal Rg6f5]} 48. Nd6 {[#]} (48. Nd4 $17) 48... h4 $2 (48... f5 $1 $19 {Hoping for ...h4.} 49. Nf7 h4) 49. Ne8 $2 {[%mdl 8192] Quite a comeback for Black. Accuracy: White = 72%, Black = 86%.} (49. b7 $11 Kc7 50. Ke4) 0-1

[Event "Panchenko Memorial-A 2020"]
[Site "Chelyabinsk"]
[Date "2020.09.09"]
[Round "3.4"]
[White "Shuvalova, Polina"]
[Black "Goganov, Aleksey"]
[Result "0-1"]
[WhiteElo "2454"]
[BlackElo "2565"]
[Annotator "TA"]
[PlyCount "150"]
[EventDate "2020.09.07"]
[EventType "swiss"]
[EventCountry "RUS"]
[SourceTitle "playchess.com"]
[Source "ChessBase"]
[SourceQuality "1"]

{[%evp 13,150,22,24,8,9,8,0,11,18,8,0,0,25,7,21,0,5,12,18,0,0,6,0,-12,0,0,0,0,4,-16,0,-22,0,0,13,0,15,14,8,0,11,14,27,17,28,0,0,0,0,0,8,0,0,0,2,0,17,18,20,18,17,0,0,0,0,0,0,-4,0,0,0,-85,-87,-99,-97,-158,-144,-137,-108,-151,-145,-382,-375,-465,-447,-646,-556,-686,-697,-672,-662,-652,-645,-12823,-7227,-5489,-2383,-2398,-633,-2254,-1664,-12797,-5513,-5505,-4694,-2189,-1500,-1719,-1777,-1491,-1016,-12837,-12836,-12841,-12840,-12841,-12842,-12842,-12843,-12843,-12843,-12845,-12845,-12846,-12846,-12849,-12848,-12849,-12849,-12850,-12849,-12850,-12848,-12850,-27999,-12851,-29996,-29997,-12851]} 1. e4 c5 2. Nf3 d6 3. d4 cxd4 4. Nxd4 Nf6 5. Nc3 a6 6. h3 e5 7. Nde2 b5 8. g4 {B90: Sicilian Najdorf: Unusual White 6th moves, 6 Be3 Ng4 and 6 Be3 e5.} b4 9. Nd5 Nxd5 10. Qxd5 {The position is equal.} Ra7 11. Be3 Be6 12. Qd2 Rb7 {[#]} 13. Rd1 $146 ({Predecessor:} 13. Bg2 Be7 14. O-O O-O 15. f4 Nc6 16. b3 exf4 17. Nxf4 Qc8 18. Nh5 Ne5 19. Bh6 {½-½ (58) Vovk,Y (2577)-Kovacevic,A (2476) Hungary 2019}) 13... Be7 14. Ng3 g6 15. Be2 Qa5 16. a3 Nc6 17. axb4 Qxb4 18. b3 a5 19. O-O O-O 20. Qd3 {[#] And now c3 would win.} Rc7 21. Ra1 Rfc8 22. c4 Qb8 23. Bd1 Rb7 24. Ne2 Bd8 25. Nc3 Bb6 26. Bxb6 Rxb6 27. Nb5 Nb4 28. Qd2 Bd7 29. Rxa5 Bxb5 30. cxb5 Rxb5 31. Rxb5 Qxb5 32. Be2 Qb8 33. Bc4 Nc6 34. Qd5 Nd8 35. Rd1 Rc6 $1 36. Ra1 Kg7 37. Qb5 (37. Kg2 {keeps more tension.} Qc7 38. Qd3 Rc5 39. Ra4 h6 40. Bd5) 37... Qxb5 38. Bxb5 $11 {[%mdl 4096] Endgame KRB-KRN} Rc3 39. Bc4 Ne6 40. Ra7 {Threatens to win with Bxe6.} Ng5 41. h4 Nf3+ 42. Kh1 (42. Kg2 $11 {keeps the balance.} Nxh4+ 43. Kf1) 42... Nxh4 $17 43. Rxf7+ Kh6 44. Be6 (44. Rc7 $142) 44... Nf3 45. Bd5 {[#]} Ng5 $1 {[%cal Rg5f7]} 46. Rd7 Nh3 47. Kg2 $2 {Now White is beyond hope.} (47. b4 $17 {was worth a try.}) 47... Nf4+ $19 48. Kg1 Kg5 49. Rxh7 (49. Rxd6 $142 Kxg4 50. Rc6) 49... Kxg4 50. Bc4 Rc1+ 51. Kh2 Rc2 52. Kg1 Kf3 53. Bf1 Rc1 54. Rf7 Kxe4 55. b4 Rb1 (55... d5 $142 56. b5 Rb1) 56. b5 d5 57. Rf6 d4 58. b6 d3 59. Rd6 Ne2+ 60. Kg2 Nd4 61. Bxd3+ Kxd3 62. Rxg6 {KRN-KR} Ke4 63. Rd6 Kf5 64. Kg3 Ne2+ 65. Kf3 Nf4 66. Kg3 Rb3+ 67. Kh2 Ke4 68. Rc6 Kf3 69. Rc5 Kxf2 {[%csl Gf4][%cal Rb3h3]} 70. Rc2+ Kf3 71. Rc6 Rb2+ 72. Kh1 e4 73. b7 Rxb7 {( -> ...Rh7+)} 74. Rc3+ e3 75. Ra3 Rh7+ {Accuracy: White = 74%, Black = 90%.} 0-1

[Event "Panchenko Memorial-A 2020"]
[Site "Chelyabinsk"]
[Date "2020.09.09"]
[Round "3.5"]
[White "Bryakin, Mikhail"]
[Black "Shaposhnikov, Evgeny"]
[Result "1/2-1/2"]
[WhiteElo "2448"]
[BlackElo "2547"]
[Annotator "TA"]
[PlyCount "36"]
[EventDate "2020.09.07"]
[EventType "swiss"]
[EventCountry "RUS"]
[SourceTitle "playchess.com"]
[Source "ChessBase"]
[SourceQuality "1"]

{[%evp 17,36,30,33,9,15,15,62,63,67,66,68,41,37,0,51,0,35,0,54,0,29]} 1. d4 Nf6 2. c4 e6 3. Nc3 Bb4 4. Qc2 c5 5. dxc5 O-O 6. a3 Bxc5 7. Nf3 b6 8. Bf4 Bb7 9. Rd1 Nc6 10. e3 {E39: Nimzo-Indian: Classical: 4...c5 5 dxc5 0-0.} Nh5 11. Bg3 Rc8 {[#]} 12. Ne4 $146 {White is slightly better.} ({Predecessor:} 12. Be2 h6 13. O-O Nxg3 14. hxg3 Be7 15. Rd2 Nb8 16. Rfd1 a6 17. Qb3 d6 18. Nd4 Qc7 19. Qa2 Nd7 {½-½ (19) Bernasek,J (2464)-Kulhanek,T (2371) Czechia 2011}) 12... Be7 13. Nd6 {[%mdl 64] [#] Double Attack} Rc7 14. Nb5 Rc8 15. Nd6 Rc7 $1 16. Nb5 Rc8 17. Nd6 Rc7 $1 18. Nb5 Rc8 {Accuracy: White = 77%, Black = 89%.} 1/2-1/2

[Event "Panchenko Memorial-A 2020"]
[Site "Chelyabinsk"]
[Date "2020.09.09"]
[Round "3.6"]
[White "Frolyanov, Dmitry"]
[Black "Tsvetkov, Andrey"]
[Result "1-0"]
[WhiteElo "2546"]
[BlackElo "2358"]
[Annotator "TA"]
[PlyCount "131"]
[EventDate "2020.09.07"]
[EventType "swiss"]
[EventCountry "RUS"]
[SourceTitle "playchess.com"]
[Source "ChessBase"]
[SourceQuality "1"]

{[%evp 11,131,18,27,19,19,21,18,17,17,13,29,29,24,42,21,31,31,31,37,10,36,0,31,40,90,94,93,97,102,87,87,87,87,86,81,84,84,85,83,81,88,84,78,79,84,69,69,14,14,14,14,14,14,14,14,0,4,0,0,0,0,0,0,0,0,0,0,0,0,0,0,0,0,0,0,0,0,0,0,0,0,0,0,0,0,0,0,0,0,0,34,34,34,34,34,34,38,38,38,38,38,38,38,38,38,38,38,38,38,38,38,38,38,38,29989,29990,29990,29991,29991,29992,29997,34]} 1. d4 d5 2. c4 e6 3. Nf3 Nf6 4. g3 dxc4 5. Bg2 Bb4+ 6. Bd2 a5 7. Qc1 {[#] E04: Open Catalan: 5 Nf3.} c5 $146 ({Predecessor:} 7... Bxd2+ 8. Qxd2 c6 9. a4 Ne4 10. Qc2 Nd6 11. Ne5 Na6 12. O-O Nb4 13. Qc1 O-O 14. Na3 Ra6 15. Naxc4 Nxc4 16. Qxc4 {½-½ (25) Mikhalevski,V (2511)-Nabaty,T (2649) Budapest 2017}) 8. a3 Bxd2+ 9. Nbxd2 {[%cal Bb1d2,Bd2c4,Bc4e5][%mdl 32] The position is equal.} cxd4 10. Nxc4 Nc6 11. O-O O-O 12. Rd1 Ra6 13. e3 {[%cal Rf3d4]} Qe7 14. exd4 Rd8 15. Nce5 Nd5 16. Qc5 Qxc5 17. dxc5 Nce7 18. Nd4 Bd7 19. Nf5 Nc6 20. Bxd5 exd5 21. Rxd5 Nxe5 22. Rxe5 {aiming for Rd1.} Bxf5 23. Rxf5 $16 {[%mdl 4096] Endgame KRR-KRR} Rd2 24. Rb1 g6 25. Rf4 Rc6 26. b4 axb4 27. axb4 b6 28. cxb6 Rxb6 29. Rc1 (29. h3 $14) 29... Rb7 $1 $11 30. h4 Rb2 $1 31. Rcc4 Kg7 32. Kg2 h6 33. g4 g5 34. hxg5 hxg5 35. Rfd4 f6 36. Kf3 Ra7 37. Ke4 Rxf2 38. Kd5 f5 39. b5 fxg4 40. Rxg4 Rf5+ 41. Kc6 Rf6+ 42. Kc5 Rc7+ 43. Kb4 Rxc4+ 44. Rxc4 {KR-KR} Kg6 45. Ka5 Kh5 46. b6 {b7 is the strong threat.} Rf8 47. b7 Rb8 48. Kb6 (48. Rb4 {keeps more tension.} g4 49. Kb6 Kh4 50. Kc6 Kh5 51. Rb3) 48... g4 49. Rc8 Rxb7+ $1 50. Kxb7 {KR-KP} g3 51. Rg8 Kh4 52. Kc6 Kh3 53. Kd5 g2 54. Ke4 Kh2 55. Kf3 g1=N+ $14 {KR-KN} 56. Ke3 Nh3 57. Rg4 Ng1 $1 58. Kf2 {Intending Rh4+ and mate.} Nh3+ 59. Kf1 Kh1 60. Rg2 Nf4 61. Ra2 {White wants to mate with Kf2.} Nh3 $1 62. Rc2 Ng1 $2 {[%mdl 8192] [#] A mistake that costs the game.} (62... Ng5 $14) 63. Kf2 $1 {White mates.} Kh2 64. Ra2 Nh3+ {[#]} 65. Kf3+ $1 Kh1 66. Ke4 $2 {Accuracy: White = 92%, Black = 89%.} (66. Kg3 {mates} Nf2 67. Ra1+ Nd1 68. Rxd1#) 1-0

[Event "Panchenko Memorial-A 2020"]
[Site "Chelyabinsk"]
[Date "2020.09.09"]
[Round "3.7"]
[White "Lobanov, Sergei"]
[Black "Safin, Robert"]
[Result "1/2-1/2"]
[WhiteElo "2516"]
[BlackElo "2287"]
[Annotator "TA"]
[PlyCount "145"]
[EventDate "2020.09.07"]
[EventType "swiss"]
[EventCountry "RUS"]
[SourceTitle "playchess.com"]
[Source "ChessBase"]
[SourceQuality "1"]

{[%evp 17,144,45,58,58,41,20,26,14,13,11,16,16,22,22,23,16,11,11,13,21,20,14,14,14,21,14,14,10,10,0,0,0,0,0,41,33,33,18,22,15,49,14,15,29,51,48,57,56,56,57,172,170,175,77,75,87,108,108,83,45,116,66,129,53,39,50,193,193,233,117,341,257,189,173,376,281,286,77,77,77,77,66,66,43,59,11,66,36,66,66,77,8,62,0,0,0,0,0,0,0,0,0,0,0,0,0,0,0,0,0,0,0,0,0,0,0,0,0,0,0,0,0,0,0,0,0,0,0,0]} 1. e4 c5 2. Nf3 e6 3. d4 cxd4 4. Nxd4 Nf6 5. Nc3 Nc6 6. Ndb5 d6 7. Bf4 e5 8. Bg5 a6 9. Na3 Be6 10. Nc4 {B33: Sicilian: Pelikan and Sveshnikov Variations.} Rb8 $1 {[%mdl 4] is currently scoring better than 10...Rc8. Played by Shakhriyar Mamedyarov in July 2020.} 11. Ne3 Be7 12. Bc4 {White has an edge.} b5 {[#]} 13. Bb3 $146 ({Predecessor:} 13. Bxe6 fxe6 14. Bxf6 Bxf6 15. O-O O-O 16. Qd3 Be7 17. Ne2 Rf7 18. c3 Qb6 19. Ng3 Rbf8 20. Rad1 {½-½ (83) Casser,A (1451)-Reede,A (1669) LSS email 2011}) 13... Nd4 14. Bxf6 Bxf6 15. Ncd5 Bg5 16. c3 Bxe3 17. Nxe3 Nxb3 18. axb3 a5 19. O-O O-O 20. Nd5 f5 21. exf5 Rxf5 22. b4 a4 23. Qd2 Rb7 24. Rad1 Rd7 25. Qe2 e4 26. Ne3 (26. Qxe4 Re5 $17) 26... Re5 27. Rd4 Qa8 28. h3 h5 29. Rfd1 Bb3 30. R1d2 Qc6 31. c4 $1 bxc4 32. Nxc4 Bxc4 33. Rxc4 Qb6 (33... Qb5 $14) 34. Rxe4 $18 Rde7 35. Qc4+ (35. Rxe5 $18 Rxe5 36. Qc4+ Kh8 37. Qc8+ Kh7 38. Qc2+ g6 39. Qxa4) 35... d5 $16 36. Qc8+ Kh7 37. Rxe5 Rxe5 {[%mdl 4096] Endgame KQR-KQR} 38. Qc3 Qf6 (38... Re1+ $14 39. Kh2 Qd6+ 40. Qg3 Qxg3+ 41. Kxg3 Re4) 39. Kf1 Qf4 (39... Qa6+ $14 40. Qd3+ Qxd3+ 41. Rxd3 Re4) 40. g3 (40. Rd4 $16 Qf5 41. Qd3) 40... Qe4 $14 {[%cal Re4h1]} 41. Kg1 $36 {[%mdl 2048] Black is under pressure.} g6 {[#]} (41... Qe1+ $14 42. Kh2 h4) 42. b5 $1 $18 Qb1+ 43. Kg2 (43. Kh2 $18 Re1 44. Qc7+ (44. Rxd5 Rh1+ 45. Kg2 Qe4+ {[%mdl 64] Double Attack} 46. f3 Qe2+ 47. Kxh1 Qf1+ {[%mdl 64] Double Attack} 48. Kh2 Qf2+ 49. Kh1 Qf1+ {[%mdl 64] Double Attack} 50. Kh2 Qf2+ 51. Kh1 Qf1+ $11 {[%mdl 64] Double Attack}) 44... Kh8 45. Qb8+ (45. Rxd5 Rh1+ 46. Kg2 Qe4+ {[%mdl 64] Double Attack} 47. f3 Qe2+ 48. Kxh1 Qe1+ 49. Kh2 Qf2+ 50. Kh1 Qf1+ 51. Kh2 Qf2+ 52. Kh1 Qf1+ 53. Kh2 Qf2+ $11) 45... Kh7 46. Qa7+ (46. Rxd5 Rh1+ 47. Kg2 Qe4+ {[%mdl 64] Double Attack} 48. f3 Qxd5 $11) 46... Kg8 47. Qa8+ (47. Rxd5 Rh1+ 48. Kg2 Qe4+ {[%mdl 64] Double Attack} 49. f3 Qxd5 $11) 47... Kg7 48. Qxa4) 43... Re1 $2 (43... Qe4+ $16 44. Kh2 Re7) 44. Qc7+ Kh6 45. Qf4+ Kg7 $2 (45... g5 {was necessary.} 46. Qf8+ Kg6) 46. Qd4+ Kh7 47. Qxd5 $2 (47. Qa7+ $18 {has better winning chances.} Kg8 48. Qxa4 Rg1+ 49. Kf3 Qf5+ 50. Qf4 Qxh3 51. b6) 47... Qe4+ $16 48. Qxe4 Rxe4 {KR-KR} 49. Kf3 Rb4 50. Ke2 Rxb5 51. Kd1 Rb3 (51... g5 $11) 52. Kc2 Rf3 53. h4 a3 54. b4 ({Better is} 54. Rd7+ $16 Kh6 55. bxa3) 54... a2 ({Black should play} 54... Kh6 $11) 55. Rd1 (55. Kb2 $14 Rb3+ 56. Kxa2 Rxb4 57. Rb2) 55... Rxf2+ $11 {The position is equal.} 56. Kb3 Rf3+ 57. Kxa2 {[#] aiming for b5.} Rxg3 58. b5 {Black must now prevent b6.} g5 59. Rd5 {Hoping for b6.} gxh4 60. Rxh5+ Kg6 61. Rxh4 Kf6 62. b6 Ke6 63. Rh8 {Strongly threatening b7.} Rg7 64. Kb3 Kd6 65. Rh6+ Kd7 66. Kb4 Kc8 67. Kb5 {Threatens to win with Ka6.} Kb7 68. Rc6 Rg5+ 69. Rc5 Rxc5+ 70. Kxc5 Kb8 71. Kc6 {Threatening mate with b7.} Kc8 72. b7+ Kb8 73. Kb6 {Blacks defense is rewarded with a draw. Accuracy: White = 74%, Black = 69%.} 1/2-1/2

[Event "Panchenko Memorial-A 2020"]
[Site "Chelyabinsk"]
[Date "2020.09.10"]
[Round "4.1"]
[White "Goganov, Aleksey"]
[Black "Frolyanov, Dmitry"]
[Result "1/2-1/2"]
[WhiteElo "2565"]
[BlackElo "2546"]
[Annotator "TA"]
[PlyCount "107"]
[EventDate "2020.09.07"]
[EventType "swiss"]
[EventCountry "RUS"]
[SourceTitle "playchess.com"]
[Source "ChessBase"]
[SourceQuality "1"]

{[%evp 13,107,26,23,13,28,26,27,20,11,20,10,20,14,10,14,12,18,0,0,0,0,12,11,3,7,0,-6,-17,-20,-44,-8,-8,-8,-10,-8,-15,-10,-9,-8,-38,-15,-37,-25,-28,0,-23,-33,-27,-26,-43,-43,-66,-50,-56,-50,-50,-50,-57,-7,-7,0,-57,-57,-62,-63,-63,-66,-60,0,0,0,0,0,0,0,0,0,0,0,0,0,0,0,0,0,0,0,0,0,0,0,0,0,0,0,0]} 1. e4 c5 2. Nf3 Nc6 3. Bb5 g6 4. O-O Bg7 5. Bxc6 bxc6 6. Re1 Nh6 7. c3 O-O 8. h3 {B31: Sicilian: 2...Nc6 3 Bb5 g6.} f5 9. e5 Nf7 10. d4 {White has an edge.} cxd4 11. cxd4 c5 {11...Bb7 injects fresh life into this line.} 12. dxc5 Bb7 13. Na3 Qa5 14. Be3 Qb4 15. Qd4 ({Don't play} 15. Qxd7 Bxf3 16. gxf3 Nxe5 $11) 15... Qxd4 16. Bxd4 Bxf3 17. gxf3 Ng5 18. Kg2 Ne6 {[#]} 19. Nc2 $146 ({Predecessor:} 19. Rad1 Rfc8 20. b4 Rab8 21. Nc2 {½-½ (21) Svidler,P (2719)-Dubov,D (2676) Hamburg 2019}) 19... Rfc8 20. b4 a5 {aiming for ...axb4.} 21. a3 Nxd4 (21... Rcb8 {looks sharper.} 22. Rab1 axb4 23. axb4 Ra2 24. Rb2 Rxb2 25. Bxb2 Nf4+) 22. Nxd4 axb4 23. axb4 {[#] Threatens to win with Rxa8.} Rxa1 24. Rxa1 {f4 is the strong threat.} Bxe5 $15 {[%mdl 4096] Endgame KRB-KRN} 25. Rd1 Kf7 26. Ne2 (26. f4 $5 {[%cal Rf4e5]} Bxd4 27. Rxd4 $15) 26... Ke8 27. Nc1 Rb8 28. Nd3 Bd4 29. Rc1 Kd8 30. Rc4 Bf6 31. Rc2 Kc7 32. Ra2 Rb7 33. Kf1 Bc3 34. Ra4 Kc6 35. Ke2 Kb5 36. Ra5+ $1 Kc6 37. Ra3 (37. Ra4 $11) 37... Bd4 38. Kd2 e5 39. Ra6+ Kb5 40. Rd6 Ra7 (40... Kc4 $15 41. c6 dxc6 42. Rxc6+ Kd5) 41. f4 $1 $11 {The position is equal.} Ra2+ 42. Kd1 Kc4 43. Nxe5+ Bxe5 44. fxe5 Kxb4 45. Rxd7 Kxc5 {KR-KR} 46. Ke1 Ra4 47. f3 Kc6 48. e6 Ra5 49. Kf2 Re5 50. Rxh7 Kd6 51. Rg7 Rxe6 52. f4 Kd5 53. Kf3 Ra6 54. Rd7+ {Accuracy: White = 94%, Black = 89%.} 1/2-1/2

[Event "Panchenko Memorial-A 2020"]
[Site "Chelyabinsk"]
[Date "2020.09.10"]
[Round "4.2"]
[White "Faizrakhmanov, Ramil"]
[Black "Rakhmanov, Aleksandr"]
[Result "0-1"]
[WhiteElo "2451"]
[BlackElo "2645"]
[Annotator "TA"]
[PlyCount "132"]
[EventDate "2020.09.07"]
[EventType "swiss"]
[EventCountry "RUS"]
[SourceTitle "playchess.com"]
[Source "ChessBase"]
[SourceQuality "1"]

{[%evp 9,132,32,31,27,26,30,31,23,25,22,25,20,28,28,36,35,30,29,37,24,30,23,30,10,23,16,18,14,30,8,11,6,0,0,0,0,0,0,0,0,0,-9,-8,-7,-7,-7,0,0,0,-47,-47,-51,-56,-87,-78,-97,-91,-95,-37,-129,-133,-109,-107,-189,-189,-189,-154,-173,-172,-442,-441,-422,-440,-442,-440,-421,-399,-370,-341,-344,-334,-312,-279,-302,-29,-907,-821,-678,-373,-150,-14,-14,-14,-20,-314,-314,-314,-239,-165,-88,0,0,0,0,0,0,0,-27989,-27989,-27990,-27990,-27991,-27991,-27992,-27992,-27993,-27993,-27994,-27994,-27995,-27995,-27996,-27996,-27998,-27998]} 1. d4 e6 2. c4 Nf6 3. Nf3 a6 4. Nc3 d5 5. cxd5 exd5 6. Bg5 {D37: Queen's Gambit Declined: 5 Bf4.} Be6 7. e3 Nbd7 8. h3 {White is slightly better.} c6 $5 {[%mdl 4] Leaves trodden paths.} 9. Bd3 Bd6 10. Bf4 Qc7 11. Qd2 Nh5 {[%cal Rh5f4]} 12. Bxd6 Qxd6 13. O-O O-O {[#]} 14. a3 $146 ({Predecessor:} 14. Rab1 g6 15. b4 Ng7 16. Na4 Bf5 17. Nc5 Rab8 18. Rfc1 Bxd3 19. Qxd3 Nb6 20. Nd2 {½-½ (58) Akobian,V (2625)-Idani,P (2568) chess24.com INT 2019}) 14... Rfe8 15. Rac1 g6 16. Na4 Nhf6 17. Qc2 a5 18. Rfe1 Nh5 19. Nc5 Nxc5 20. dxc5 Qe7 21. b4 axb4 22. axb4 Qf6 23. Qc3 Qxc3 24. Rxc3 Ng7 25. b5 Bd7 26. Rb1 Ra5 27. bxc6 Bxc6 28. Nd4 Ne6 29. Nb3 (29. Rb6 $5 {[%cal Rd4c6]}) 29... Ra3 30. Rbc1 Rea8 31. Be2 R8a4 32. Bf3 Kg7 33. g4 Rc4 (33... Rb4 $17 34. Nd2 Rba4) 34. Bd1 (34. Rxc4 $15 dxc4 {[%mdl 64] Discovered Attack} 35. Nd2) 34... Rxc3 $17 35. Rxc3 Ba4 36. Kh2 {[#]} (36. Rd3 $17) 36... d4 $1 $19 {[%mdl 512]} 37. Rd3 (37. Nxd4 Rxc3) 37... dxe3 $1 38. Rxe3 Bxb3 39. Rxb3 $2 (39. c6 {is a better defense.} bxc6 40. Bxb3) 39... Rxb3 40. Bxb3 Nxc5 {[%mdl 4096] Endgame KB-KN} 41. Bc4 g5 42. Kg2 Kf6 43. Kf3 Ke7 44. Ke3 f6 45. f4 h6 46. fxg5 hxg5 $2 (46... fxg5 $19 47. Kd4 Kd6) 47. Kd4 $2 {[%mdl 8192]} (47. Kf3 $11) 47... Kd6 48. Bf1 Nb3+ 49. Kc3 Na5 $1 50. Kd4 Nc6+ 51. Ke4 Ne7 52. Kd4 Ng6 $1 53. Ke4 {[#]} Nh4 $1 54. Kd4 {[#]} f5 (54... b6 $1 $17) 55. gxf5 $1 $11 Nxf5+ 56. Kd3 b5 57. Kc3 Kc5 58. Bxb5 $2 {[%mdl 8192]} (58. Be2 $11) 58... Kxb5 {KN-KP. Black mates.} 59. Kd3 Nh4 60. Kd4 Kb4 61. Ke5 Kc3 62. Kf6 Nf3 63. Kf5 Kd3 {( -> ...Ke3)} 64. Kg4 Ke4 65. Kg3 Ke3 66. Kg4 Kf2 {Accuracy: White = 77%, Black = 88%.} 0-1

[Event "Panchenko Memorial-A 2020"]
[Site "Chelyabinsk"]
[Date "2020.09.10"]
[Round "4.3"]
[White "Fedoseev, Vladimir"]
[Black "Iljiushenok, Ilia"]
[Result "1-0"]
[WhiteElo "2678"]
[BlackElo "2516"]
[Annotator "TA"]
[PlyCount "75"]
[EventDate "2020.09.07"]
[EventType "swiss"]
[EventCountry "RUS"]
[SourceTitle "playchess.com"]
[Source "ChessBase"]
[SourceQuality "1"]

{[%evp 12,75,5,-3,9,4,22,23,83,85,75,83,164,154,199,164,158,168,158,160,189,190,197,186,152,133,143,142,140,72,76,58,64,64,59,59,71,78,93,58,137,119,95,98,93,97,92,102,85,88,156,146,185,209,489,489,489,489,485,487,485,484,480,477,464,460]} 1. e4 c5 2. Nf3 d6 3. d4 cxd4 4. Nxd4 Nf6 5. Nc3 a6 6. f4 e5 7. Nb3 Nbd7 {B93: Sicilian Najdorf: 6 f4.} 8. g4 h6 9. g5 hxg5 (9... Ng8 $11) 10. fxg5 $16 Nh5 11. Qf3 {[#]} Nf4 $146 {[#]} (11... Be7 $16 {was worth a try.}) ({Predecessor:} 11... Nb6 12. Be3 Be6 13. O-O-O g6 14. Nc5 Ng7 15. Nxb7 Qc7 16. Na5 Na4 17. Nxa4 Qxa5 {1-0 (27) Oberhofer,C (2222)-Spiess,M (2118) Rosenheim 2017}) 12. h4 $1 $18 ({But not} 12. Bxf4 $6 exf4 13. Qxf4 Ne5 $14) 12... f6 13. Bxf4 exf4 14. g6 ({Weaker is} 14. Qxf4 fxg5 15. Qf2 Ne5 $11) 14... Ne5 15. Qxf4 Nxg6 16. Qg3 Ne5 17. O-O-O Bg4 18. Be2 Bxe2 19. Nxe2 Qd7 20. Nc3 (20. Nbd4 $142) 20... O-O-O $16 21. Nd5 {Nb6+ is the strong threat.} Kb8 22. Nd4 Qg4 23. Qe1 Rc8 24. Kb1 Nd7 25. Rd3 {[%cal Bd1d3,Bd3g3,Bg3g5,Bg5g4][%mdl 32]} g5 ({Better is} 25... Nc5 $14) 26. Rg3 $36 {[%mdl 2048] White is in control.} Qh5 27. Nf5 Qe8 28. hxg5 Rxh1 29. Qxh1 {Threatens to win with g6.} fxg5 30. Rxg5 Rc4 {[#]} (30... Qe5 $142) 31. Rg4 $1 Nc5 {[%cal Rc4e4]} 32. Nfe3 Nxe4 $2 (32... Rd4 {might work better.} 33. Nf6 Qf7) 33. Nxc4 $18 {White is clearly winning.} Nf2 34. Nf6 Qe6 35. Qf1 Nxg4 36. Nxg4 Bg7 37. Nce3 Bd4 38. Qf4 {Accuracy: White = 83%, Black = 61%.} 1-0

[Event "Panchenko Memorial-A 2020"]
[Site "Chelyabinsk"]
[Date "2020.09.10"]
[Round "4.4"]
[White "Afanasiev, Nikita"]
[Black "Ponkratov, Pavel"]
[Result "1-0"]
[WhiteElo "2507"]
[BlackElo "2631"]
[Annotator "TA"]
[PlyCount "67"]
[EventDate "2020.09.07"]
[EventType "swiss"]
[EventCountry "RUS"]
[SourceTitle "playchess.com"]
[Source "ChessBase"]
[SourceQuality "1"]

{[%evp 15,67,38,40,0,0,6,5,5,6,4,9,0,23,0,6,21,95,97,79,98,83,70,91,72,68,80,76,79,64,66,81,69,411,420,416,420,465,466,565,552,523,495,1352,1391,1352,1352,1205,1197,1281,5628,5197,4698,1816,1656]} 1. e4 e6 2. d4 d5 3. Nc3 Bb4 4. e5 c5 5. a3 Bxc3+ 6. bxc3 Qc7 7. Qg4 f6 8. Bb5+ Kf8 9. Nf3 {next a4 is good for White. C18: French: 3 Nc3 Bb4: Main line: 7 h4 and 7 Qg4.} Qa5 {9...Qa5 scores better than 9...c4.} 10. Rb1 a6 11. Be2 {The position is equal.} Qxc3+ 12. Bd2 Qxc2 {[#]} 13. O-O $5 $146 {[%mdl 8] New and interesting.} ({Predecessor:} 13. Rc1 Qe4 14. Qg3 Nc6 15. Rxc5 Nge7 16. exf6 gxf6 17. Bh6+ Ke8 18. Qg7 Rg8 19. Qxf6 {0-1 (60) Perunovic,M (2600)-Ponkratov,P (2644) Germany 2019}) 13... h5 14. Qg3 $36 {[%mdl 2048] Strongly threatening Rbc1. White fights for an advantage.} h4 $1 {[%cal Rh4g3]} 15. Qf4 Qe4 (15... Nc6 $11 {remains equal.}) 16. exf6 $16 ({Much weaker is} 16. dxc5 Qxe2 17. exf6 gxf6 $11) 16... Qxf4 17. fxg7+ Kxg7 18. Bxf4 c4 $1 19. Be5+ Nf6 20. g4 $1 {[%cal Rg4g5] And now g5 would win.} hxg3 21. fxg3 {Hoping for g4.} Nbd7 22. Ng5 Nxe5 23. dxe5 Nh7 $2 {[%mdl 8192] This move loses the game for Black.} (23... Ne4 $1 $14 24. Nxe4 dxe4) 24. Nf7 $18 Rf8 {[#]} 25. Bh5 $1 b5 26. Rf4 {Threatening mate with Rg4+.White is clearly winning.} Rxf7 27. Rxf7+ Kh6 {Black wants to play ...Ng5.} 28. h4 Ng5 (28... Rb8 $142 29. Rbf1 Rb7 30. Rxb7 Bxb7) 29. hxg5+ Kxh5 {[#]} 30. g6 $1 {[%mdl 512] g7 would kill now.} Kh6 (30... Kxg6 31. Rbf1) 31. g7 Kh7 32. Kf2 Bb7 33. Rh1+ Kg6 34. Rxb7 {Accuracy: White = 94%, Black = 62%.} 1-0